Banková panika z pohľadu experimentálnej ekonómie bakalárska práca

Guardado en:
Detalles Bibliográficos
Autor principal: Košút, Peter
Autor Corporativo: Národohospodárska fakulta EU. Katedra financií
Otros Autores: Petkov, Martin
Formato: Libro
Lenguaje:eslovaco
Publicado: Bratislava 2013
Etiquetas: Agregar Etiqueta
Sin Etiquetas, Sea el primero en etiquetar este registro!

MARC

LEADER 00000nbm a2200000 4500
001 0172461
005 20161109112054.0
041 0 |a slo 
044 |a SK 
245 1 0 |a Banková panika z pohľadu experimentálnej ekonómie  |b bakalárska práca  |c Peter Košút ; školiteľ: Martin Petkov 
264 1 |a Bratislava  |c 2013 
300 |a 55 s. 
100 1 |a Košút, Peter 
700 1 |a Petkov, Martin 
710 2 |a Národohospodárska fakulta EU. Katedra financií